|
|
|
|
| LEADER |
00000nab a2200000 a 4500 |
| 001 |
vtls000664957 |
| 003 |
SK-MaSNL |
| 005 |
20260304101029.0 |
| 008 |
250426c1998 xo 0 slo |
| 015 |
|
|
|a SNBRA1998/05-14602
|
| 035 |
|
|
|a CLN000017143
|
| 035 |
|
|
|a (urnnbn)urn:nbn:sk:snk:ar-005lcw
|
| 035 |
|
|
|a (uuid)31a39118-e8d1-42b5-a651-5f2d298215c9
|
| 035 |
|
|
|a urn:nbn:sk:snk-ab811f
|
| 040 |
|
|
|a SNKBUCL
|b slo
|c SNKBUCL
|e AACR2
|
| 041 |
0 |
|
|a slo
|
| 044 |
|
|
|a xo
|c SK
|
| 080 |
|
|
|a 553.078(234.372.4)"613"
|2 1997
|
| 080 |
|
|
|a 551.73
|2 1997
|
| 100 |
1 |
|
|a Chovan, Martin,
|d 1946-
|4 aut
|9 5368
|
| 245 |
1 |
0 |
|a Metalogenéza ďumbierskej časti Nízkych Tatier
|c Martin Chovan, Miroslav Slavkay, Jozef Michálek
|
| 300 |
|
|
|b Obr., tab.
|
| 504 |
|
|
|a Res. angl. Bibliogr. odkazy
|
| 650 |
0 |
7 |
|a mineralizácia hydrotermálna
|x granitoidy
|y paleozoikum
|z Ďumbier (Nízke Tatry, Slovensko)
|2 snkbucl
|9 1395782
|
| 651 |
|
7 |
|a Ďumbier (Nízke Tatry, Slovensko : vrch)
|2 snkbucl
|9 17542
|
| 655 |
|
7 |
|a články z novín a časopisov
|2 snkbucl
|9 267496
|
| 700 |
1 |
|
|a Slavkay, Miroslav,
|d 1933-
|4 aut
|9 39333
|
| 700 |
1 |
|
|a Michálek, Jozef,
|d 1946-
|4 aut
|9 154672
|
| 773 |
0 |
|
|t Mineralia slovaca
|g Roč. 30, č. 1 (1998), s. 3-8
|x 0369-2086
|
| 850 |
|
|
|a Slovenská národná knižnica
|
| 852 |
|
|
|a Slovenská národná knižnica
|
| 954 |
|
|
|a odborná, vedecká literatúra pôvodná (slovenská)
|2 lita
|
| 958 |
|
|
|a article9
|
| 958 |
|
|
|a SK
|
| 958 |
|
|
|a NB
|
| 958 |
|
|
|a OND
|
| 958 |
|
|
|a EUIPO
|
| 992 |
|
|
|a RBX
|
| 999 |
|
|
|c 2840586
|d 2842516
|